MARC

LEADER 00000nam0a2200000 4500
001 47885
005 20231031030714.0
010 |a 5170105622 
010 |a 5-271-05176-5 
035 |a (RuTPU)RU\TPU\book\50071 
090 |a 47885 
100 |a 20030226d2002 k y0rusy50 ca 
101 0 |a rus 
102 |a RU 
105 |a a g 001zy 
200 1 |a Справочник для студентов технических вузов  |a Высшая математика. Физика. Теоретическая механика. Сопротивление материалов  |f А. Д. Полянин [и др.] 
205 |a 2-е изд., испр. 
210 |a Москва  |c Астрель  |c АСТ  |d 2002 
215 |a 735 с.  |c ил. 
320 |a Библиогр.: с. 716-735. 
610 1 |a математика 
610 1 |a высшая математика 
610 1 |a физика 
610 1 |a теоретическая механика 
610 1 |a сопротивление материалов 
610 1 |a справочники 
675 |a 51(035)  |v 3 
675 |a 53(035)  |v 3 
701 1 |a Полянин  |b А. Д.  |g Андрей Дмитриевич 
701 1 |a Полянин  |b В. Д.  |g Владимир Дмитриевич 
701 1 |a Попов  |b В. А.  |g Владимир Александрович 
701 1 |a Путятин  |b Б. В.  |g Борис Владимирович 
701 1 |a Сафрай  |b В. М.  |g Владимир Михайлович 
701 1 |a Черноуцан  |b А. И.  |g Алексей Игоревич 
801 1 |a RU  |b 63413507  |c 20030226  |g PSBO 
801 2 |a RU  |b 63413507  |c 20120926  |g PSBO 
942 |c BK